| Tag |
First Indicator |
Second Indicator |
Subfields |
| LEADER |
00000cam a2200000 a 4500 |
| 001 |
in00001034321 |
| 005 |
20150928152053.0 |
| 008 |
851018s1985 enkb b 00010 eng d |
| 020 |
|
|
|a 0704908549
|
| 035 |
|
|
|a (OCoLC)12691811
|
| 035 |
|
|
|9 AFH2717AM
|
| 040 |
|
|
|a GZN
|c GZN
|d m/c
|d TXA
|d UtOrBLW
|
| 043 |
|
|
|a e-uk---
|
| 049 |
|
|
|a TXAM
|
| 090 |
|
|
|a HC79.H53
|b .B74 1985
|
| 100 |
1 |
|
|a Breheny, M. J.
|q (Michael J.)
|
| 245 |
1 |
4 |
|a The M4 corridor :
|b patterns and causes of growth in high technology industries /
|c Michael J. Breheny, Ronald W. McQuaid.
|
| 264 |
|
1 |
|a [Reading] :
|b Dept. of Geography, University of Reading,
|c 1985.
|
| 300 |
|
|
|a 41 pages :
|b maps ;
|c 21 cm.
|
| 336 |
|
|
|a text
|b txt
|2 rdacontent
|
| 337 |
|
|
|a unmediated
|b n
|2 rdamedia
|
| 338 |
|
|
|a volume
|b nc
|2 rdacarrier
|
| 490 |
1 |
|
|a Geographical papers,
|x 0305-5914 ;
|v no. 87
|
| 504 |
|
|
|a Bibliography: pages 39-41.
|
| 650 |
|
0 |
|a High technology industries
|z Great Britain.
|
| 700 |
1 |
|
|a McQuaid, Ronald,
|d 1955-
|
| 830 |
|
0 |
|a Geographical papers.
|x 0305-5914 ;
|v no. 87.
|
| 999 |
|
|
|a MARS
|
| 999 |
f |
f |
|s 33739b27-56bb-3e5a-a172-010f652b6505
|i 96ba4d43-df40-3b3a-ad3e-3c98d351f0bf
|t 0
|
| 952 |
f |
f |
|p ric
|a Texas A&M University
|b Rellis Campus
|c Joint Library Facility
|d Remote Storage
|t 0
|e HC79.H53 .B74 1985
|h Library of Congress classification
|i unmediated -- volume
|m A14813788266
|
| 998 |
f |
f |
|a HC79.H53 .B74 1985
|t 0
|l Remote Storage
|